000 00686nam a2200289Ia 4500
005 20260324122613.0
008 008 260324s9999 xx 000 0 eng d
020 _a9780203082157
037 _aEBOOK
040 _aCRL
040 _beng
040 _cCRL
041 _2eng
041 _aeng
084 _qCRL
100 _aPertti Alasuutari; Ali Qadir
_91167093
245 0 _aNational Policy-Making
245 0 _bDomestication of Global Trends
260 _bTaylor and Francis
260 _c2013
365 _a
365 _b150
856 _uhttp://www.taylorfrancis.com/books/9780203082157
942 _cEBOOK
999 _c1759956
_d1759956